| 000 | 01003nas a2200337 4500 | ||
|---|---|---|---|
| 001 | BR0203584 | ||
| 003 | BR-BrBNA | ||
| 005 | 20231205103117.0 | ||
| 007 | ta | ||
| 008 | 230509b bl.|||p| |||| 00| 00por d | ||
| 040 |
_aBR-BrBNA _bpor _cBiblioteca Nacional de Agricultura |
||
| 041 | _a(Pt) | ||
| 072 | _aH01 | ||
| 100 | 1 | _aRamos, H.H. | |
| 100 | 1 | _aMaziero, J.V.G. | |
| 100 | 1 | _aYanai, K. | |
| 100 | 1 | _aCorrêa, I.M. | |
| 100 | 1 | _aSeverino, F.J. | |
| 100 | 1 | _aKanno, O.Y. | |
| 100 | 1 | _aMartins, P.S. | |
| 100 | 1 | _aMura, C. | |
| 100 | 1 | _aMorgano, M.A. | |
| 245 | 1 | _aExposição dérmica do aplicador de agrotóxicos na cultura da uva, com diferentes pulverizadores | |
| 650 | _aUVA | ||
| 650 | _aAGROTÓXICO | ||
| 650 | _aPULVERIZADOR | ||
| 650 | _aPULVERIZAÇÃO | ||
| 773 | 0 |
_tRevista Brasileira de Engenharia Agrícola e Ambiental (Brazil) _xISSN 1415-4366 _g(Jan-Apr 2002), v. 6(1) p. 175-179 _wBR0203584 |
|
| 909 |
_a202311 _bLúcia _c55 _dLúcia Elande |
||
| 942 |
_2AGRIS _n0 _cANA |
||
| 999 |
_c171130 _d171130 |
||